| 000 | 01154nam a2200313 a 4500 | ||
|---|---|---|---|
| 001 | 000113060 | ||
| 003 | CHAP | ||
| 005 | 20220329144336.0 | ||
| 008 | 170403s2016 mx sm |||||||spa d | ||
| 010 | _a109521 | ||
| 011 | _a110493 | ||
| 040 | _cCHAP | ||
| 090 | _aTesis | ||
| 100 | 1 |
_aLuna Falfán, Esmeralda _9131867 |
|
| 245 | 1 | 3 |
_aLa importancia de los volcanes cineríticos como capatadores de agua de lluvia para la alimentación de acuiferos _h[En línea] _cpor Esmeralda Luna Falfán. |
| 260 |
_aChapingo, Méx. : _bEl autor, _c2016. |
||
| 500 | _aPara ver el contenido del material haga clic en la liga | ||
| 502 | _aTesis (Ing. en Irrigación) -- UACH. Departamento de Irrigación | ||
| 590 |
_aE11695DGD _b10 _c20170404 _lUCH01 _h0944 |
||
| 590 |
_aE5765TAJ _b05 _c20170403 _lUCH01 _h0857 |
||
| 590 |
_aE5765TAJ _b05 _c20170403 _lUCH01 _h0857 |
||
| 650 | 1 | 4 |
_aAgua de lluvia _xAlmacenamiento. _92413 |
| 650 | 1 | 4 |
_aSuelos _xPercolación. _9110457 |
| 650 | 1 | 4 |
_aVolcanes _xRecarga de aguas subterraneas. _9131868 |
| 856 |
_aFinding aid _uhttp://10.13.5.2/tesis/sist113060.pdf _zTeclea aquí |
||
| 901 | _aBK | ||
| 942 | _cTESIS | ||
| 942 | _n0 | ||
| 999 |
_c109521 _d109521 |
||